00833nam a2200229Ia 450000500170000000800390001702000150005604100080007108200180007910000260009724501260012325000220024930000390027160000510031065000290036165000320039026400580042233600270048033700330050733800280054004000350056820220316235942.0141017s1997 ck o gr 000 0 spa a95896201160 aspa04a751.422bM17a1 aMark, Edward Walhouse10aAcuarelas cEdward Walhouse Mark ; fotografías Julio César Flórez, José Marín, Ernesto Monsalve, Oscar Monsalve aPrimera edición a13 páginasbfotografíasc32 cm14aMark, Edward WalhousexTrabajos pictóricos 14aPintura española2LEMB14aAcuarelas españolas2LEMB aBogotá bEl ÁncorabBanco de la Repúblicac1997 atextobtxt2rdacontent asin mediaciónbn2rdamedia avolumenbnc2rdacarrier aCO-BoRNBPbspaerdacCO-BoRNBP